Notre dame de Paris (Record no. 29656)

MARC details
000 -LEADER
fixed length control field 00278nam a2200121Ia 4500
082 ## - DEWEY DECIMAL CLASSIFICATION NUMBER
Classification number 944
Item number WIN
100 ## - MAIN ENTRY--AUTHOR NAME
Personal name Winston, Clara
245 #0 - TITLE STATEMENT
Title Notre dame de Paris
260 ## - PUBLICATION, DISTRIBUTION, ETC. (IMPRINT)
Place of publication New York
Name of publisher Newsweek
700 ## - ADDED ENTRY--PERSONAL NAME
Personal name Richard
942 ## - ADDED ENTRY ELEMENTS (KOHA)
Koha item type Books
Holdings
Withdrawn status Lost status Damaged status Not for loan Home library Current library Date acquired Full call number Accession Number Koha item type
        RRII Library RRII Library 16/12/2021 944 WIN 10239 Books